000 00513pab a2200193 454500
008 180718b2012 xxu||||| |||| 00| 0 eng d
100 _aBhand, Vishal C.
245 _aDesign education in India to enliven traditional art and craft
260 _c2012
300 _ap.93-95.
362 _a27 Feb
650 _aHandicrafts - India
650 _a Traditional cultures - India
650 _aEducation - India
650 _aTraditional cultures
773 _aUniversity News
908 _aN
909 _a95190
999 _c95190
_d95190